Catalog

Record Details

Catalog Search



Young people in postmodern society  Cover Image Book Book

Young people in postmodern society / by Dušan Jaura ; edited by Adriana Komorníková a Juraj Kušnierik

Jaura, Dušan (Author). Komorníková, Adriana (Added Author). Kušnierik, Juraj (Added Author).

Record details

  • Physical Description: 47 p.
  • Publisher: Bratislava Sen 1997

Available copies

  • 1 of 1 copy available at Common Catalog SPOK.

Holds

  • 0 current holds with 1 total copy.
Show Only Available Copies
Location Call Number / Copy Notes Barcode Shelving Location Status Due Date
ETS Library 305.23 424470004665 Volný výběr Available -

LDR 00739nam a2 00253
00136634
003CZ-PrJAB
00520030808000000.0
008020109s1997 xo e |||| |eng
009sk
035 . ‡a(CONS)10400
035 . ‡aKPS10558
040 . ‡aABG450
041 . ‡aeng
08214. ‡a305.23
100 . ‡74957 ‡aJaura, Dušan
245 . ‡aYoung people in postmodern society / ‡cby Dušan Jaura ; edited by Adriana Komorníková a Juraj Kušnierik
260 . ‡aBratislava ‡bSen ‡c1997
300 . ‡a47 p.
653 . ‡aYoung people in postmodern society
700 . ‡74956 ‡aKomorníková, Adriana
700 . ‡74411 ‡aKušnierik, Juraj
8524 . ‡bETS ‡bETS ‡cVolný výběr ‡j305.23 ‡gE ‡p424470004665
910 . ‡aABG450
999 . ‡a10400 ‡bAUTOGEN ‡c10400 ‡tbiblio
905 . ‡uadmin
901 . ‡a36634 ‡b ‡c36634 ‡tbiblio ‡sets

Additional Resources